• 首页
  • 本馆介绍
  • 公告通知
  • 最新文献
  • 馆藏检索
  • 电子资源
  • 读者导购
  • 参考咨询
  • 我的图书馆
  • 登录
  • 详细信息显示
  • 放入我的书架
  • 预约/预借图书
  • 作者相关作品
  • 分类相关作品
  • 丛书相关作品
  • 出版社相关作品

书目信息

  • 表格格式
  • 工作单格式
  • 卡片格式
题名:
中国反洗钱实务
    
 
作者: ;反洗钱工作部际联席会议办公室 编
分册: 2019.11(总第271辑)  
出版信息: 北京   中国金融出版社  2019
页数: 81页
开本: 26cm
丛书名:
单 册:
中图分类: D924.334
科图分类:
主题词: 洗钱罪--研究--中国
电子资源:
ISBN: 978-7-5220-0062-6
000 00968nam0 2200217 450
001 2372458591
005 20231108200814.62
010    @a978-7-5220-0062-6@dCNY25.00
100    @a20200903d2019 em y0chiy50 ea
101 0  @achi
102    @aCN@b110000
105    @ay z 000yy
200 1  @a中国反洗钱实务@9zhong guo fan xi qian shi wu@h2019.11(总第271辑)@f反洗钱工作部际联席会议办公室编
210    @a北京@c中国金融出版社@d2019
215    @a81页@d26cm
330    @a本书设有反洗钱动态、风险研究、制度建设、工作交流、业界实践、国际视野、案例分析七个栏目。收录的文章包括:《电商平台交易洗钱风险及建议》《特定非金融机构反洗钱法规框架探究》《银行机构可疑交易报告存在的问题及政策建议》《澳大利亚对政治公众人物的反洗钱措施及对我国经验借鉴》等。
606 0  @a洗钱罪@x研究@y中国
690    @aD924.334@v5
711 02 @a反洗钱工作部际联席会议办公室@9fan xi qian gong zuo bu ji lian xi hui yi ban gong shi@4编
801  0 @aCN@b91MARC@c20210121
905    @aBZT@dD924.334@e12:271
    
    中国反洗钱实务.2019.11(总第271辑)/反洗钱工作部际联席会议办公室编.-北京:中国金融出版社,2019
    81页;26cm
    
    
    ISBN 978-7-5220-0062-6:CNY25.00
    本书设有反洗钱动态、风险研究、制度建设、工作交流、业界实践、国际视野、案例分析七个栏目。收录的文章包括:《电商平台交易洗钱风险及建议》《特定非金融机构反洗钱法规框架探究》《银行机构可疑交易报告存在的问题及政策建议》《澳大利亚对政治公众人物的反洗钱措施及对我国经验借鉴》等。
●
相关链接 在五车中查询图书 在当当中查询图书 在豆瓣中查询图书


正题名:中国反洗钱实务     索取号:D924.334/12:271         预约/预借

序号 登录号 条形码 馆藏地/架位号 状态 备注
1 2000979650   2000979650   中教第一批/山东中教(第一批)/226/ [索取号:D924.334/12:271] 在馆    
2 2000979651   2000979651   中教第一批/山东中教(第一批)/226/ [索取号:D924.334/12:271] 在馆    
3 2000979652   2000979652   中教第一批/山东中教(第一批)/226/ [索取号:D924.334/12:271] 在馆    
4 2000979653   2000979653   中教第一批/山东中教(第一批)/226/ [索取号:D924.334/12:271] 在馆    
5 2000979654   2000979654   中教第一批/山东中教(第一批)/226/ [索取号:D924.334/12:271] 在馆    
6 2000979655   2000979655   中教第一批/山东中教(第一批)/226/ [索取号:D924.334/12:271] 在馆    
山东省滨州职业学院图书馆 欢迎您!
大连网信软件有限公司© 版权所有